Overalle FC Barcelony W EA FC 25 - Statystyki

Ogólne statystyki
  • Ten quiz został rozwiązany 262 razy
  • Średni wynik to 22 z 26
Statystyki odpowiedzi
Poz. Piłkarz Odpowiedź % Poprawnych
GK Marc Andre Ter Stegen 89
97%
ST Robert Lewandowski 88
94%
LB Alejandro Balde 81
93%
RW Lamine Yamal 81
93%
RW Raphinha 84
93%
CB Ronald Araujo 85
93%
RB Jules Kounde 85
92%
CM Pedri 86
92%
CM Frenkie De Jong 87
92%
CM Gavi 83
91%
CAM Dani Olmo 84
91%
CB Inigo Martinez 81
89%
CB Andreas Christensen 83
89%
CB Pau Cubarci 72
88%
LW Ferran Torres 80
88%
CAM Ansu Fati 77
87%
CB Eric Garcia 78
87%
GK Inaki Pena 73
86%
CM Fermin Lopez 76
81%
GK Ander Astralaga 62
76%
RB Hector Fort 65
75%
CDM Marc Casado 65
75%
LB Alex Valle 68
75%
ST Pau Victor 62
74%
CAM Pablo Torre 74
74%
CM Ruben Lopez 56
66%
Nie znaleziono quizów pasujących do podanych kryteriów
Rozkład punktacji
Procent ludzi z każdym wynikiem
Percentyl według liczby udzielonych odpowiedzi
Twoja historia wyników
Nie rozwiązałeś tego quizu